000 00869nam a2200253Ia 4500
008 130821s1988 mx gr spa
020 _a9681203933
040 _aCo-BoUCM
_bspa
041 _aspa
100 1 _aGarza Mercado, Ario
_9156407
245 1 0 _aManual de técnicas de investigación para estudiantes de ciencias sociales
_cArio Garza Mercado ; El Colegio de México
250 _a4a. ed.
260 _aMéxico D.F. (México)
_bHarla
_c1988
300 _a351 páginas
504 _aIncluye índice
650 0 4 _aCiencias sociales
_910815
650 0 4 _aCiencias sociales
_xMetodología
_932387
650 0 4 _aInvestigación científica
_917977
650 0 4 _aInvestigación social
_918009
650 0 4 _aMetodología
_919433
700 _aEl Colegio de México
_9156408
942 _cLIBRO
_a5
_e4
_mG17
_2DEWEY
_h300.1
999 _c19811
_d19811